Awakening the Language and Speakers’ Community of Wymysiöeryś
| Titel: | Awakening the Language and Speakers’ Community of Wymysiöeryś / Tomasz Wicherkiewicz, Tymoteusz Król and Justyna Olko |
|---|---|
| Verfasser: | ; ; |
| In: |
European review, Band 26, Heft 1 (2018), Seite 179-171 alle Artikel anzeigen |
| Veröffentlicht: | 2018 |
| Format: | Aufsatz |
| Sprache: | Englisch |
X
alg: 50727944 001A $03025:26-04-23 001B $01999:26-04-23 $t22:30:02.000 001D $03025:26-04-23 001U $0utf8 001X $00 002@ $0Oou 002C $aText $btxt $2rdacontent 002D $aComputermedien $bc $2rdamedia 002E $aOnline-Ressource $bcr $2rdacarrier 003@ $0507279441 007A $0507279441 $aHEB 009Q $uhttps://doi.org/10.1017/S1062798717000424 $xH 010@ $aeng 010E $erda 011@ $a2018 021A $aAwakening the Language and Speakers’ Community of Wymysiöeryś $hTomasz Wicherkiewicz, Tymoteusz Król and Justyna Olko 028A $BVerfasser $#Wicherkiewicz, Tomasz S. $#Wicherkiewicz, Tomasz Stanisław $4aut $71132271479 $8Wicherkiewicz, Tomasz$Z1967- [Tp3] $9403186153 028C $BVerfasser $4aut $8Król, Tymoteusz$Z1993- [Tp1] $950727976X 028C $BVerfasser $4aut $8Olko, Justyna$Z1976- [Tp3] $9474113752 031A $d26 $e1 $h179-171 $j2018 039B $aEnthalten in $8--Obvc--. European review. - Cambridge : Cambridge Univ. Press, 1993-. - Online-Ressource. - ISSN 1474-0575 $x201800000260001821 $9098734202 044K $RWoiwodschaft Schlesien $RPowiat Bielski $#Wilmesau $74119110-9 $8Wilamowice [Tg1] $9085374083 044K $RSprache $RSprachliche Minderheit $RBedrohte Sprache $#Linguistic minorities $#Minorités linguistiques $#Kleine Sprache $#Kleine Sprachen $#Kleinsprache $#Randsprache $#Seltene Sprache $74132313-0 $8Minderheitensprache [Ts1] $9085475521 044K $RSprache $RMinderheitensprache $RTote Sprache $#Endangered languages $#Langues menacées $#Lenguas en peligro de desaparición Diccionarios $#Restsprache Bedrohte Sprache $#Gefährdete Sprache $#Moribunde Sprache $#Aussterbende Sprache $#Bedrohte Sprachen $74602206-5 $8Bedrohte Sprache [Ts1] $9093256450 045F $a417.7094385 $eDDC23BSB 045F/01 $a417.7 045F/03 $g4385 045F/03 $g438 045R $aGeschichte 1300-2016 lok: 50727944 78 exp: 50727944 78 1 #EPN 201B/01 $026-04-23 $t08:44:16.000 201C/01 $026-04-23 201U/01 $0utf8 203@/01 $01233095900 208@/01 $a26-04-23 $be 209A/01 $a/ $f000 $x00 209A/01 $ab*p $x01 220C/01 $apgar 244Z/01 $#Generalgouvernement Polen $#Polska $#Rzeczpospolita Polska $#Polska Rzeczpospolita Ludowa $#Poland $#Pologne $#République Polonaise $#Generalne Gubernatorstwo w Polsce $#Polish People's Republic $#Polska Rzeczpospolita Polen $#PRL $#RP $#Polen Generalgouvernement $#Polska Generalgouvernement $#Besetzte Polnische Gebiete $#Besetztes Gebiet in Polen $#Okupowane Polskie Obszary $#Obszary Okupowane w Polsce $#Volksrepublik Polen $#Polska Rosyjska $#Republic Polen $#Respublika Pol'ša $#Pol'skaja Narodnaja Respublika $#République de Pologne $#Polen Links der Weichsel $#Polska po Lewej Stronie Wisły $#Lenkija $#Polija $#Gubernija Carstva Pol'skago $#Republik Polen $74046496-9 $8--Tg1--Polen $x01 $9085129801 244Z/01 $#Schlesien $#Schlesien $#Herzogtum Schlesien $#Herzogtum Schlesien Schlesien $#Provinz Schlesien $#Śla̜sk $#Slezsko $#Silesia $74052678-1 $8--Tg1--Schlesien $x02 $9085146781 247C/01 $82080>Marburg/Lahn, Herder-Institut, Forschungsbibliothek, Bibliographieportal $9336309341
| LEADER | 00000caa a2200000 c 4500 | ||
|---|---|---|---|
| 001 | 507279441 | ||
| 003 | DE-603 | ||
| 005 | 20230426223002.0 | ||
| 007 | cr|||||||||||| | ||
| 008 | 230426s2018 xx |||| o| u00||u|eng c | ||
| 035 | |a (DE-599)HEB507279441 | ||
| 040 | |a DE-603 |b ger |c DE-603 |d DE-603 |e rda | ||
| 041 | |a eng | ||
| 082 | 0 | 4 | |8 1\u |a 417.7094385 |q DE-101 |2 23/BSB |
| 085 | |8 1\u |b 417.7 | ||
| 085 | |8 1\u |z 2 |s 4385 | ||
| 085 | |8 1\u |z 2 |s 438 | ||
| 100 | 1 | |a Wicherkiewicz, Tomasz |d 1967- |e Verfasser |4 aut |0 (DE-603)403186153 |0 (DE-588)1132271479 |2 gnd | |
| 245 | 0 | 0 | |a Awakening the Language and Speakers’ Community of Wymysiöeryś |c Tomasz Wicherkiewicz, Tymoteusz Król and Justyna Olko |
| 264 | 0 | |c 2018 | |
| 336 | |a Text |b txt |2 rdacontent | ||
| 337 | |a Computermedien |b c |2 rdamedia | ||
| 338 | |a Online-Ressource |b cr |2 rdacarrier | ||
| 648 | 7 | |a Geschichte 1300-2016 |2 gnd | |
| 650 | 7 | |a Minderheitensprache |0 (DE-588)4132313-0 |0 (DE-603)085475521 |2 gnd | |
| 650 | 7 | |a Bedrohte Sprache |0 (DE-588)4602206-5 |0 (DE-603)093256450 |2 gnd | |
| 651 | 7 | |a Wilamowice |0 (DE-588)4119110-9 |0 (DE-603)085374083 |2 gnd | |
| 700 | 1 | |a Król, Tymoteusz |d 1993- |e Verfasser |4 aut |0 (DE-603)50727976X |0 (DE-588)1287041019 |2 gnd | |
| 700 | 1 | |a Olko, Justyna |d 1976- |e Verfasser |4 aut |0 (DE-603)474113752 |0 (DE-588)1223946924 |2 gnd | |
| 773 | 0 | 8 | |i Enthalten in |t European review |d Cambridge : Cambridge Univ. Press, 1993- |h Online-Ressource |x 1474-0575 |g Band 26, Heft 1 (2018), Seite 179-171 |w (DE-603)098734202 |w (DE-600)2048671-6 |
| 856 | |u https://doi.org/10.1017/S1062798717000424 |x Verlag | ||
| 924 | 1 | |9 2080 |a (DE-603)1233095900 |b DE-2080 |c HES |d d |g / | |


